[Event "Poznan op 25th"]
[Site "Poznan"]
[Date "2017.08.25"]
[Round "7"]
[White "Drozdowicz, Ignacy"]
[Black "Nicikowski, Jozef"]
[Result "0-1"]
[WhiteElo "1339"]
[BlackElo "1490"]
[PlyCount "126"]
[EventDate "2017.08.20"]
[EventType "swiss"]
[EventRounds "9"]
[EventCountry "POL"]
[SourceTitle "CBM 180 Extra"]
[Source "ChessBase"]
[SourceDate "2017.10.06"]
[SourceVersion "1"]
[SourceVersionDate "2017.10.06"]
[SourceQuality "1"]

1. e4 d5 2. exd5 Nf6 3. d4 Nxd5 4. c4 Nb6 5. Nc3 c6 6. Nf3 Bg4 7. Be3 e6 8. h3 Bh5 9. b3 Bb4 10. Rc1 Qf6 11. Be2 h6 12. 0-0 Bg6 13. Bd3 N8d7 14. Ne4 Bxe4 15. Bxe4 Rd8 16. Qc2 0-0 17. Rcd1 Rc8 18. Qb1 Rfd8 19. d5 e5 20. Bd2 Bf8 21. Bc3 Re8 22. Qb2 Qf4 23. Rfe1 Bc5 24. Bc2 cxd5 25. cxd5 Qg3 26. Be4 Bxf2+ 27. Qxf2 Qxf2+ 28. Kxf2 Rxc3 29. Rd2 Nc5 30. Bb1 e4 31. Ng1 f5 32. Rde2 Nxd5 33. Nf3 Nf4 34. Re3 Nfd3+ 35. Kf1 f4 36. R3e2 Nxe1 37. Nxe1 Rc1 38. Bc2 Kf7 39. Kf2 g5 40. b4 e3+ 41. Kf3 Nd7 42. a3 Ne5+ 43. Ke4 Nc6+ 44. Kd3 Rd8+ 45. Kc3 Nd4 46. Nd3 Nxe2+ 47. Kb2 Re8 48. Nxc1 Nxc1 49. Kxc1 Kf6 50. Kd1 Rd8+ 51. Ke1 Ke5 52. Bd1 Rd2 53. Bf3 Ra2 54. Bxb7 Rxa3 55. Bc6 h5 56. Ke2 Rb3 57. b5 Rb2+ 58. Ke1 Kd4 59. Bf3 h4 60. Be2 Rb1+ 61. Bd1 Kd3 62. b6 axb6 63. g3 e2 0-1

[Event "Poznan op 25th"]
[Site "Poznan"]
[Date "2017.08.24"]
[Round "6"]
[White "Purczynski, Andrzej"]
[Black "Drozdowicz, Ignacy"]
[Result "1/2-1/2"]
[WhiteElo "1243"]
[BlackElo "1339"]
[PlyCount "80"]
[EventDate "2017.08.20"]
[EventType "swiss"]
[EventRounds "9"]
[EventCountry "POL"]
[SourceTitle "CBM 180 Extra"]
[Source "ChessBase"]
[SourceDate "2017.10.06"]
[SourceVersion "1"]
[SourceVersionDate "2017.10.06"]
[SourceQuality "1"]

1. b4 e5 2. Bb2 d6 3. e3 Be6 4. c4 Nf6 5. Nc3 c6 6. Nf3 Nbd7 7. Be2 Be7 8. 0-0 0-0 9. d4 e4 10. Ng5 Bf5 11. Qc2 d5 12. Qb3 h6 13. Nh3 Bxh3 14. gxh3 Nb6 15. c5 Nc8 16. f3 Qd7 17. fxe4 Qxh3 18. Rf3 Qg4+ 19. Rg3 Qe6 20. e5 Ne8 21. Bg4 f5 22. exf6 Qxf6 23. Qc2 Qf7 24. Qg2 Bg5 25. Rf3 Qe7 26. Rxf8+ Kxf8 27. Rf1+ Kg8 28. e4 Nf6 29. exd5 Nxg4 30. Qxg4 Qe3+ 31. Kg2 Ne7 32. Qe6+ Qxe6 33. dxe6 Re8 34. b5 Ng6 35. bxc6 bxc6 36. Ne4 Nf4+ 37. Kg3 Nxe6 38. Nxg5 Nxg5 39. Bc1 Ne4+ 40. Kg2 Nc3 1/2-1/2

[Event "Poznan op 25th"]
[Site "Poznan"]
[Date "2017.08.20"]
[Round "1"]
[White "Szymanski, Zbigniew"]
[Black "Drozdowicz, Ignacy"]
[Result "1-0"]
[WhiteElo "1844"]
[BlackElo "1339"]
[PlyCount "87"]
[EventDate "2017.08.20"]
[EventType "swiss"]
[EventRounds "9"]
[EventCountry "POL"]
[SourceTitle "CBM 180 Extra"]
[Source "ChessBase"]
[SourceDate "2017.10.06"]
[SourceVersion "1"]
[SourceVersionDate "2017.10.06"]
[SourceQuality "1"]

1. d4 Nf6 2. Nf3 g6 3. e3 Bg7 4. c4 d6 5. Nc3 Nbd7 6. Be2 e5 7. 0-0 0-0 8. Qc2 Re8 9. Rd1 a6 10. b3 c5 11. dxe5 Nxe5 12. Bb2 Nc6 13. Qd2 Re6 14. Ng5 Re5 15. f4 Rxg5 16. fxg5 Ne8 17. Ne4 Bxb2 18. Qxb2 Qe7 19. Nf6+ Nxf6 20. Qxf6 Qxe3+ 21. Kh1 Nd4 22. Bf3 Nxf3 23. Qxf3 Qxg5 24. Rxd6 Qe7 25. Qf6 Qxf6 26. Rxf6 Kg7 27. Rb6 Rb8 28. Rd1 Bf5 29. Kg1 Be4 30. Rbd6 b5 31. cxb5 axb5 32. Rc1 Rc8 33. Rb6 c4 34. Rxb5 c3 35. Rb4 Bd3 36. Rd4 Bb5 37. a4 Ba6 38. b4 Bb7 39. Rc2 Kf6 40. Rd3 Rc4 41. Rcxc3 Rxb4 42. Rb3 Rxb3 43. Rxb3 Ba6 44. Rb6+ 1-0